000
00222nam a2200097Ia 4500
008
120527s9999 xx 000 0 und d
100
_a
OLADUNNI, A.David
245
_a
Adventure in christ
260
_b
Nazareth
942
_c
BK
999
_c
25347
_d
25347